| 000 | 00856nam a22002657a 4500 | ||
|---|---|---|---|
| 003 | AR-BeUNQ | ||
| 005 | 20220225124525.0 | ||
| 008 | 180227b xxu||||| |||| 00| 0 spa d | ||
| 020 | _a9789871651467 | ||
| 040 |
_aAR-BeUNQ _bspa _eaacr |
||
| 082 |
_a970.712 _221 |
||
| 100 | _aChiodi, Aldana | ||
| 245 |
_aGeografía 3 : _bArgentina _cJulian Alvarez Insúa |
||
| 250 | _a1a. ed. : | ||
| 260 |
_aBuenos Aires : _bEstacion Mandioca, _c2012 |
||
| 300 |
_a192 p. ; _bil. ; _c27 cm |
||
| 500 | _aContiene actividades al final de cada capitulo y activades de revisión de los mismos | ||
| 504 | _aContiene bibliografia. | ||
| 600 |
_aAlvarez Insúa; Julián _ccoaut |
||
| 650 | 9 |
_aGeorgrafia de América _2tell |
|
| 651 |
_aArgentina _2spines |
||
| 700 |
_aAlvarez Insúa, Julián _ccoaut |
||
| 929 |
_aDONACION _bEES N° 15 _d200 $ _j56571 |
||
| 942 |
_cLIB _n0 |
||
| 999 |
_c162 _d162 |
||